00659cam a2200217ua 4500001000500000005001700005008003900022020001500061040000900076041000800085082001000093100003200103245010300135250001700238260004400255300001000299653004400309653002200353653003800375700002800413937120260515114447.0150813n ii |||gr||||Z||||||eng a8123742207 cMAIN aeng a155.4 aSwaminathan, Mina,eAuthor.1 aPlay activities for child development : ba guide to preschool teachers / cby Mina Swaminathan .  a1st ed./rep. aNew Delhi:bNational book trust,c2005. a214p. aDifferential & developmental psychology aChild development aGuide book to pre-school teachers aDaniel, Prema,eAuthor.